Tiếng pháp du lịch

Gorde:
Xehetasun bibliografikoak
Formatua: Liburua
Etiketak: Etiketa erantsi
Etiketarik gabe, Izan zaitez lehena erregistro honi etiketa jartzen!
Thư viện lưu trữ: Mạng thư viện Đại học Đà Nẵng
LEADER 00369nam a22001571a 4500
001 000036020
003 12312
005 20160321135241.0
008 160321s0 000
245 |a Tiếng pháp du lịch 
OWN |a LNN 
999 |a From the UDN01 
TYP |a Monograph 
980 |a Mạng thư viện Đại học Đà Nẵng